[Event "Angouleme Lallemand Memorial op"]
[Site "Angouleme"]
[Date "2018.06.09"]
[Round "1"]
[White "Alexieva, Silvia"]
[Black "Batt, Meloe"]
[Result "1-0"]
[WhiteElo "2266"]
[BlackElo "1412"]
[PlyCount "41"]
[EventDate "2018.06.09"]
[EventType "swiss (rapid)"]
[EventRounds "9"]
[EventCountry "FRA"]
[SourceTitle "CBM 184 Extra"]
[Source "ChessBase"]
[SourceDate "2018.06.28"]
[SourceVersion "1"]
[SourceVersionDate "2018.06.28"]
[SourceQuality "1"]

1. d4 d5 2. Bf4 c6 3. e3 Nf6 4. Bd3 e6 5. Nf3 Bd6 6. Bg3 0-0 7. 0-0 Re8 8. Nbd2 Bc7 9. Qe2 Nbd7 10. Ne5 Nxe5 11. dxe5 Nd7 12. f4 f6 13. Bh4 Bb6 14. Rf3 Rf8 15. Rh3 Qc7 16. Qh5 f5 17. Be7 h6 18. Bd6 Qd8 19. Rg3 Rf7 20. Re1 Nc5 21. Qxh6 1-0